000 00621nam a2200193Ia 4500
003 IN-BaIIA
008 211028s9999 xx 000 0 eng d
040 _cIIA Library
080 _a550.34
_bMCC
100 _aMcComb, H. E.
_9818
245 0 _aBulletin of the national research council
_blist of seismological stations of the World
_cH. E. McComb and J. Clarence West
250 _a2nd ed.
260 _aWashington
_bNational Research Council
_c1931
300 _a119p.
650 _aNASA Thesaurus
650 _aSeismology
700 _aWest, J. Clarence
_9819
942 _cBK
999 _c374
_d374